[Event "GRE-ch U14"]
[Site "Panellhnia"]
[Date "2005.??.??"]
[Round "3"]
[White "Pavlidis, Anastasios"]
[Black "Kedzedzis, Georgios"]
[Result "1-0"]
[WhiteElo "1900"]
[BlackElo "1660"]
[PlyCount "113"]
[EventDate "2005.??.??"]
[EventType "swiss"]
[EventRounds "9"]
[EventCountry "GRE"]
[SourceTitle "EXT 2007"]
[Source "ChessBase"]
[SourceDate "2006.11.23"]
[SourceVersion "1"]
[SourceVersionDate "2006.11.23"]
[SourceQuality "1"]

1. d4 Nf6 2. c4 e5 3. dxe5 Ng4 4. Bf4 Nc6 5. Nf3 Bb4+ 6. Nbd2 Qe7 7. e3 Ngxe5 8. Nxe5 Nxe5 9. Be2 0-0 10. 0-0 Bxd2 11. Qxd2 d6 12. Qd5 Be6 13. Qxb7 Bxc4 14. Bxc4 Nxc4 15. Rfc1 Rfb8 16. Qc6 Ne5 17. Bxe5 dxe5 18. b3 Rc8 19. Rc2 Rab8 20. Rac1 Rb6 21. Qa4 c5 22. b4 h6 23. b5 Rcb8 24. Rxc5 a6 25. Qe4 g6 26. Rxe5 Qd7 27. h3 Rxb5 28. Rxb5 axb5 29. Qf4 Ra8 30. Rc7 Qe6 31. Rb7 Qxa2 32. Rxb5 Qa1+ 33. Kh2 Kg7 34. Qd4+ Kh7 35. Rb7 Qa2 36. e4 Qe6 37. Qd5 Qxd5 38. exd5 Kg7 39. Kg3 Kf6 40. Kf4 Ra4+ 41. Ke3 g5 42. Rb6+ Ke5 43. Rxh6 Kxd5 44. Rf6 Re4+ 45. Kf3 Re7 46. Rf5+ Ke6 47. Rxg5 f6 48. Ra5 Kf7 49. g4 Rb7 50. Kg3 Kg6 51. h4 Rb3+ 52. f3 Rb6 53. Rf5 Ra6 54. h5+ Kh6 55. Rb5 Kg7 56. Rb7+ Kh6 57. Rf7 1-0